000 00806nam a22002057a 4500
999 _c63269
_d63269
005 20250714144019.0
008 250714s2024 en ||||| |||| 00| 0 eng d
020 _a9781782607694 X
041 _aeng
080 _a811.111.1+338.47 M-79
100 _aMol, Hans,
_925639
245 _aEnglish for tourism and hospitality in higher education studies :
_bteacher's book /
_cHans Mol, Edward Alden
250 _a2nd Edition
264 _aReading:
_bGarnet Education,
_c2024.
300 _a248 p.:
_bill;
_c29 cm.
653 _aEnglish for Tourism and Hospitality in Higher Education Studies
653 _aინგლისური ტურიზმისა და სტუმართმოყვარეობისთვის
700 _aAlden Edward
_925640
942 _2udc
_cᲬᲘᲒᲜᲘ